| 000 | 00740nam a22002417a 4500 | ||
|---|---|---|---|
| 005 | 20211109121933.0 | ||
| 008 | 211109b ||||| |||| 00| 0 eng d | ||
| 020 | _a9789382267638 | ||
| 040 |
_aIN-DiNC _cIN-DiNC |
||
| 041 | _deng | ||
| 082 |
_a823.03 _bWHO |
||
| 245 |
_aWho's affraid of women's writing: _bselect texts/ _cedited by Ruchi Sharma and Swati Moitra |
||
| 260 |
_aDelhi: _bWorldview publications, _c2021 |
||
| 300 | _axxviii, 420p. | ||
| 650 | _aWomen literature | ||
| 650 | _aWomen writing | ||
| 700 |
_aSharma, Ruchi _eEditor |
||
| 700 |
_aMoitra, Swati _eEditor |
||
| 700 |
_aMalhotra, Meenakshi _eContributor |
||
| 700 |
_aKothiyal, Shikha _eContributor |
||
| 700 |
_aAhlawat, Menka _eContributor |
||
| 942 |
_2ddc _cBK |
||
| 999 |
_c11215 _d11215 |
||